Nový tlačový zákon

Od 1. júna 2008 nadobudol účinnosť zákon č. 167/2008 Z.z. o periodickej tlači a agentúrnom spravodajstve (tlačový zákon) a o zmene a doplnení niektorých zákonov. Stručne zo zákona. Vymedzenie niektorých pojmov. Ochrana zdroja a obsahu informácií. Právo na opravu. Právo na odpoveď. Príklady.

Salvato in:
Dettagli Bibliografici
Autore principale: Kováčiková, Eva
Natura: Capitolo di libro
Lingua:slovacco
Soggetti:
Tags: Aggiungi Tag
Nessun Tag, puoi essere il primo ad aggiungerne!!

MARC

LEADER 00000naa$a2200000$$$4500
001 0077950
005 20231013072559.7
041 0 |a slo 
044 |a SK 
245 1 0 |a Nový tlačový zákon  |c Eva Kováčiková 
520 |a Od 1. júna 2008 nadobudol účinnosť zákon č. 167/2008 Z.z. o periodickej tlači a agentúrnom spravodajstve (tlačový zákon) a o zmene a doplnení niektorých zákonov. Stručne zo zákona. Vymedzenie niektorých pojmov. Ochrana zdroja a obsahu informácií. Právo na opravu. Právo na odpoveď. Príklady. 
610 2 0 |a tlač 
610 2 0 |a noviny 
610 2 0 |a novinárstvo 
610 2 0 |a zákony 
100 1 |a Kováčiková, Eva